| 000 | 01037cab a2200289 4500 | ||
|---|---|---|---|
| 001 | WB3401-81 | ||
| 008 | 090401t1997 xxu||||| |||| 00| 0 eng d | ||
| 035 | _a(Sirsi) u82830 | ||
| 041 | _aeng | ||
| 245 | _aRICS Awards 1998 | ||
| 260 | _c1997 | ||
| 350 | _a0 | ||
| 490 |
_aRICS Press Release _v(pr137.corp) 17 December 1997, (3) |
||
| 520 | _aThe RICS Awards property competition 1998 will look for winners in eight categories: urban renewal, efficient building, greening the city, building conservation, craftsmanship in building conservation, conservation of the countryside, RICS schools award, and reclamation of contaminated land. | ||
| 650 | _aBUILDING CONSERVATION | ||
| 650 | _aABOUT RICS-RICS MEMBERS | ||
| 650 | _aCONTAMINATED LAND | ||
| 650 | _aCOUNTRYSIDE CONSERVATION | ||
| 650 | _aEFFICIENT BUILDING | ||
| 650 | _aGREEN CITIES | ||
| 650 | _aABOUT RICS-RICS AWARDS | ||
| 650 | _aRICS SCHOOLS AWARD | ||
| 650 | _aURBAN RENEWAL | ||
| 690 | _aPROFESSIONAL PRACTICE | ||
| 942 | _n0 | ||
| 948 | _c19/12/1997 | ||
| 999 |
_c52307 _d52307 |
||